000 01095nas a2200361 4500
001 BR2016001005
003 BR-BrBNA
005 20231205130203.0
007 ta
008 230509b bl.|||p| |||| 00| 00por d
040 _aBR-BrBNA
_bpor
_cBiblioteca Nacional de Agricultura
041 _a(Pt)
072 _aQ54
100 1 _aMonção, F.P.
100 1 _aReis, S.T. dos
100 1 _aSampaio, J.P.R.
100 1 _aSales, E.C.J. de
100 1 _aAlves, D.D.
100 1 _aAmâncio, W.D. de C.
245 1 _aComposição química de cascas de banana tratada com cal virgem
650 _aNUTRICAO ANIMAL
650 _aBANANA
650 _aCASCA
650 _aCOMPOSICAO QUIMICA
650 _aCAL VIRGEM
650 _aANALISE DE ALIMENTO
650 _aBOVINO
650 _aTRATAMENTO DE ALIMENTO
773 0 _tCaderno de Ciências Agrárias (Brazil)
_xISSN 2447-6218
_g(Jan-Apr 2015), v. 7(1 Supl. 2) p. 12-16
_wBR2016001005
856 4 0 _uhttps://seer.ufmg.br/index.php/ccaufmg/article/view/1232/937
909 _a202311
_bLúcia
_c55
_dLúcia Elande
942 _2AGRIS
_n0
_cANA
999 _c248167
_d248167